Vzory formulárov pre zostavenie podnikových plánov v podnikoch miestneho priemyslu a komunálneho hospodárstva na rok 1959

Bibliographic Details
Format: Book
Language:Slovak
PhysicalDescription:52, [3] s. 8°
Published: Bratislava Odbor pre rozvoj miestneho hospodárstva rady ÚNV 1958
Series:Príloha Prevádzkového spravodajstva
Subjects:

MARC

LEADER 00000nam a2200000 a 4500
001 vtls008318508
003 SK-MaSNL
005 20260302003638.0
008 181127s1958 xo 000 slo
015 |a SKSNBA1959/02-00319 
035 |a SK01SNK19590010725 
035 |a SKM000013188 
040 |a SNK  |b slo  |c SNK  |e AACR2 
041 1 |a slo 
044 |a xo  |c SK 
080 |a 338.4:352  |2 1981 
245 1 0 |a Vzory formulárov pre zostavenie podnikových plánov v podnikoch miestneho priemyslu a komunálneho hospodárstva na rok 1959 
260 |a Bratislava  |b Odbor pre rozvoj miestneho hospodárstva rady ÚNV  |c 1958  |e Trnava  |f Polygrafické závody 
300 |a 52, [3] s.  |c 8° 
490 1 |a Príloha Prevádzkového spravodajstva  |v . 18/58 
650 0 7 |a plány podnikové  |y na r. 1958  |x formuláre  |x vzory  |2 SNK  |9 642635 
650 0 7 |a miestne hospodárstvo  |2 SNKPH  |9 87924 
655 7 |a knihy  |2 SNKPH  |9 307098 
830 0 |a Príloha Prevádzkového spravodajstva  |9 642636 
852 |a Slovenská národná knižnica v Martine  |b 10000  |h SD 16193 
852 |a Slovenská národná knižnica v Martine  |b 10000  |h SD 16193 D1 
958 |a OND 
958 |a TL 
958 |a RK 
999 |c 992813  |d 994743 
952 |a SNK  |b SNK  |y PREZ  |7 0  |p 17A0594166  |o snkSD 16193  |i snkKSP 3899/58  |0 0  |1 0  |4 0  |d 2008-08-21  |l 0  |r 2025-12-01 00:00:00  |w 2026-02-24